Personnage de la casa de papel - Statistiques

Statistiques générales
  • Ce quiz a été pris 3 187 fois
  • Le résultat moyen est 11 sur 18
Statistiques - réponses
Statut Réponse % Correct
Voleur Tokyo
97%
Voleur Berlin
93%
Voleur El Professor
92%
Voleur Rio
92%
Voleur Denver
87%
Voleur Nairobi
87%
Voleur Helsinki
85%
Voleur Oslo
79%
Voleur Moscou
78%
Otage Arturo
67%
Autorité espagnole Raquel
62%
Otage Monica
55%
Autorité espagnole Angel
36%
Otage Alison
31%
Autorité espagnole Suarez
25%
Autorité espagnole Prieto
19%
Otage Mercedes
7%
Civil Paula
7%
Aucun quiz correspondant
Distribution des résultats
% des personnes avec chaque résultat
Percentile par nombre de réponses
Votre historique - résultats
Vous n’avez pas pris ce quiz